Spor o model transformace se vyhrocuje. Polský národohospodář analyzuje průběh transformace postsocialistických ekonomik.

Pri hodnotení prechodu k trhovému hospodárstvu sa množia otázky či musí byť prechod sprevádzaný superrecesiou, poklesom spotreby, nekontrolovaným tvorením veľkých bohatstiev, zrútením systému sociálnej starostlivosti a štátnych financií. Stanoviská autora k jednotlivým otázkam.

Gespeichert in:
Bibliographische Detailangaben
1. Verfasser: Kleer, J.
Format: Buchkapitel
Sprache:Tschechisch
Schlagworte:
Tags: Tag hinzufügen
Keine Tags, Fügen Sie das erste Tag hinzu!

MARC

LEADER 00000naa a2200000 4500
001 r009720
005 20220831084139.3
041 0 |a cze 
044 |a [CS] 
245 1 0 |a Spor o model transformace se vyhrocuje.  |b Polský národohospodář analyzuje průběh transformace postsocialistických ekonomik.  |c J. Kleer 
520 |a Pri hodnotení prechodu k trhovému hospodárstvu sa množia otázky či musí byť prechod sprevádzaný superrecesiou, poklesom spotreby, nekontrolovaným tvorením veľkých bohatstiev, zrútením systému sociálnej starostlivosti a štátnych financií. Stanoviská autora k jednotlivým otázkam. 
610 2 0 |a reformy hospodárske 
610 2 0 |a transformácia 
610 2 0 |a východná Európa 
610 2 0 |a stredná Európa 
610 2 0 |a recesia 
610 2 0 |a hospodárstvo trhové 
100 1 |a Kleer, J.